00612 2200277 4500001002100000008004100021035002000062245002900082100002000111250000600131260003000137300001200167084001400179082000800193650001300201990001200214990001200226990001200238990001200250990001200262990001200274990001200286990001200298990001200310990001200322INLIS000000000000689 ind  a0010-0424000665 aGeometricWono Setyabudi aSetyabudi, Wono a1 aJakarta :bErlanggac2014 a232 hlm a516 WON g a516 aNonfiksi a0721842 a0721843 a0721844 a0721845 a0721846 a0721847 a0721848 a0721849 a0721850 a0721851